Marvel Cinematic Universe (MCU) Phases - Statistics

General Stats
  • This quiz has been taken 573 times
    497 since last reset
  • The average score is 36 of 52
Answer Stats
Answer % Correct
Iron Man
98%
Iron Man 2
97%
Captain America: The First Avenger
96%
Iron Man 3
96%
The Incredible Hulk
96%
Thor
96%
Captain America: The Winter Soldier
94%
The Avengers
94%
Avengers: Endgame
91%
Ant-Man
90%
Avengers: Age of Ultron
90%
Avengers: Infinity War
90%
Captain America: Civil War
90%
Thor: The Dark World
90%
Guardians of the Galaxy
89%
Black Panther
88%
Doctor Strange
88%
Spider-Man: Far From Home
87%
Spider-Man: No Way Home
87%
Thor: Ragnarok
87%
Black Widow
86%
Spider-Man: Homecoming
86%
Ant-Man and the Wasp
85%
Guardians of the Galaxy Vol. 2
85%
WandaVision
84%
Captain Marvel
83%
Eternals
81%
Loki
81%
Doctor Strange in the Multiverse of Madness
77%
Thor: Love and Thunder
77%
Shang-Chi and the Legend of the Ten Rings
76%
The Falcon and The Winter Soldier
74%
Hawkeye
73%
Black Panther: Wakanda Forever
71%
What If...?
65%
Guardians of the Galaxy Vol. 3
63%
Moon Knight
60%
She-Hulk
60%
Ms. Marvel
58%
Ant-Man and the Wasp: Quantumania
56%
The Marvels
53%
Secret Invasion
32%
I Am Groot
29%
The Guardians of the Galaxy Holiday Special
29%
Echo
27%
Fantastic Four
27%
Blade
25%
Ironheart
22%
Agatha: House of Harkness
21%
Armor Wars
14%
Marvel Zombies
11%
Spider-Man: Freshman Year
10%
No matching quizzes found
Score Distribution
Percent of People with Each Score
Percentile by Number Answered
Your Score History
You have not taken this quiz since the last reset